Fundamentals Of Physics (Record no. 565885)

000 -LEADER
fixed length control field 00306nam a2200109Ia 4500
008 - FIXED-LENGTH DATA ELEMENTS--GENERAL INFORMATION
fixed length control field 210430s9999 xx 000 0 und d
082 ## - DEWEY DECIMAL CLASSIFICATION NUMBER
Classification number 530 H1571F
100 ## - MAIN ENTRY--PERSONAL NAME
Personal name Halliday David,Resnick Robert
9 (RLIN) 54959
245 ## - TITLE STATEMENT
Title Fundamentals Of Physics
Statement of responsibility, etc. Halliday David,Resnick Robert
260 ## - PUBLICATION, DISTRIBUTION, ETC.
Date of publication, distribution, etc. 1998
942 ## - ADDED ENTRY ELEMENTS (KOHA)
Koha item type Book
Source of classification or shelving scheme
Holdings
Withdrawn status Lost status Damaged status Not for loan Permanent Location Current Location Shelving location Date acquired Total Checkouts Total Renewals Full call number Barcode Checked out Date last seen Date last checked out Price effective from Koha item type
        School of Chemical & Materials Engineering (SCME) School of Chemical & Materials Engineering (SCME) Book Cart   2 3 530 H1571F SCME- D126 05/12/2026 01/28/2026 01/28/2026 04/30/2021 Book
© 2023 Central Library, National University of Sciences and Technology. All Rights Reserved.